000
00217nam a22000857a 4500
008
161108b xxu||||| |||| 00| 0 eng d
100
_9
1090
_a
Razeghpanah. v
245
_a
Mir space Station
260
_a
New Delhi
_b
N B T
_c
2005
999
_c
3751
_d
3751